000 00493nam a2200181Ia 4500
003 OSt
005 20260303104413.0
008 211028s2003 xx 000 0 und d
040 _cAIMIT LIBRARY
041 _aeng
082 _a006.671 NAND
100 _aM S Nandana;Manimozhi, R.
_g92171
_92231
110 _aManimozhi, R.
_92232
245 _aImplementation of velociq java coding standards /
260 _aBangalore
_c2003
710 _aWipro Technologies Ltd
_92233
942 _2ddc
_cPRO
999 _c216828
_d216828